| 000 | 00991nam a2200325 a 4500 | ||
|---|---|---|---|
| 999 |
_c200449755 _d67967 |
||
| 003 | TR-AnTOB | ||
| 005 | 20220909113219.0 | ||
| 007 | ta | ||
| 008 | 220908t1966 nyua 001 0 eng d | ||
| 040 |
_aBGZ _beng _erda _cBGZ _dTR-AnTOB |
||
| 041 | 0 | _aeng | |
| 050 | _aQC176 | ||
| 090 |
_aQC176 _b.R67 1966 |
||
| 100 | 1 |
_aRose, Robert M., _d1937- _9138389 |
|
| 245 | 1 | 0 |
_aElectronic properties / _cRobert Rose, Lawrance A. Shepard, John Wulff. |
| 264 | 1 |
_aNew York ; _bLondon : _bWiley, _c[1966]. |
|
| 264 | 4 | _c©1966 | |
| 300 |
_ax, 306 pages : _billustrations ; _c22 cm |
||
| 336 |
_atext _btxt _2rdacontent |
||
| 337 |
_aunmediated _bn _2rdamedia |
||
| 338 |
_avolume _bnc _2rdacarrier |
||
| 490 | 0 |
_aStructure and properties of materials ; _v4 |
|
| 500 | _aIncludes index. | ||
| 650 | 0 |
_aMaterials _91533 |
|
| 650 | 0 |
_aSolids _928519 |
|
| 700 | 1 |
_aShepard, Lawrence A. _4author _9138390 |
|
| 700 | 1 |
_aWulff, John _d1903- _4author _953968 |
|
| 942 |
_2lcc _cBK |
||